| 000 | 00607nam a22001817a 4500 | ||
|---|---|---|---|
| 003 | OSt | ||
| 005 | 20250822064820.0 | ||
| 008 | 250822b |||||||| |||| 00| 0 eng d | ||
| 020 | _a0-273-66192-2 | ||
| 040 | _cOC | ||
| 082 | _aCirc. 658.3 M394 2003 | ||
| 100 | _aPickford, J. | ||
| 245 |
_aMastering people management : _byour single-source guide to becoming a master of people management |
||
| 260 |
_aLondon : _bPrentice Hall, _cc2003 |
||
| 300 |
_avii, 244 pages : _c25 cm. |
||
| 504 | _aIncludes index. | ||
| 942 |
_2ddc _cBK-CIRC _hCirc. 658.3 M394 2003 _kCirc. _n0 |
||
| 999 |
_c4199 _d4199 |
||